| 000 | 00813nam a2200265 i 4500 | ||
|---|---|---|---|
| 003 | DO-SdBNP | ||
| 005 | 20260219083559.0 | ||
| 007 | ta | ||
| 008 | 260219b1984 dr a|||| |||| 00| 0 spa d | ||
| 040 |
_aDO-SdBNP _bspa _cBNPHU _erda |
||
| 041 | _aspa | ||
| 082 | 4 |
_axxx _bxxx _222 |
|
| 100 |
_aEspinal, Fulgencio, _eautor _4aut. _98374 |
||
| 245 | 1 | 3 |
_aLa barranquita : _bejemplo de heroísmo / _cFulgencio Espinal |
| 250 | _aprimera edición | ||
| 264 | 1 |
_aSanto Domingo : _bEditora Alfa y Omega, _c1984. |
|
| 300 |
_a16 páginas : _bilustraciones ; _c21 cm. |
||
| 336 |
_atexto _btxt _2rdacontent |
||
| 337 |
_asin mediación _bn _2rdamedia |
||
| 338 |
_avolumen _bnc _2rdacarrier |
||
| 500 | _aEn el 68 Aniversario de la Barranquita | ||
| 590 | _aInventariado, 2026/BT | ||
| 910 | _aBtavárez | ||
| 942 |
_2ddc _cLF2 |
||
| 999 |
_c60366 _d60366 |
||